000 01359nam0a22003131 4500
001 rc\4714344
005 20250612011043.0
035 _a(NLR Aleph) 008438574
090 _a9463165
_c9463165
100 _a20130416d1966 |||y0rusy50 ca
101 0 _arus
102 _aRU
105 _ak z |||||
200 1 _aФинансирование капитального строительства
_e(Лекция)
_fПод ред. доц., канд. техн. наук, инж.-полк. Терстепанова Г.А.
_gВысш. воен. инж.-техн. краснознам. училище
205 _a2-е изд.
210 _aЛенинград
_cБ. и.
_d1966
215 _a66 с., 1 л. бланк
_d20
225 1 _aЭкономика военно-строительного производства
_vРаздел 8
300 _aПеред загл. авт.: доц., канд. техн. наук, инж.-подполк. Проценко П.В.
300 _aОтпеч. множит. аппаратом
320 _aБиблиогр.: с. 65-66
333 _aПродаже не подлежит
700 1 _aПроценко
_bП.В.
_gПетр Васильевич
702 1 _aТерстепанов
_bГ.А.
_4340
801 0 _aRU
_bNLR
_gpsbo
801 1 _aRU
_bELAR
_2rusmarc
852 _aNLR
_j50К/6643
942 _cBOOK
980 _aNB